[Event "DEM U10/U10w 2000"]
[Site "Überlingen GER"]
[Date "2000.06.04"]
[Round "1"]
[White "Bindrich, Falko"]
[Black "Zeuner, Felix"]
[Result "1-0"]
[Termination "normal"]
[Board "1"]
[WhiteElo "1645"]
[BlackElo "830"]
[PlyCount "99"]
[WhiteFideId "4676670"]
[EventCountry "GER"]
[EventRounds "11"]
[EventType "swiss"]
[EventDate "2000.06.03"]

1. e4 e6 2. d4 d5 3. Nc3 Ne7 4. Bf4 Nbc6 5. Nb5 e5 6. dxe5 dxe4 7. e6 Nd5 8.
Qxd5 Qxd5 9. Nxc7+ Kd8 10. Nxd5 fxe6 11. Nc7 e5 12. Bxe5 Nxe5 13. Nxa8 Bd6 14.
O-O-O Ke7 15. Rd5 Be6 16. Rb5 Rxa8 17. Rxb7+ Kf6 18. Be2 Bc5 19. Nh3 Bxh3 20.
gxh3 Bxf2 21. Rd1 Be3+ 22. Kb1 Nf3 23. Rf1 Rd8 24. Bxf3 exf3 25. Rb3 Bf4 26.
Rbxf3 g5 27. h4 h6 28. hxg5+ hxg5 29. h4 Kg6 30. Rg1 Kh5 31. hxg5 Bxg5 32. Rh3+
Bh4 33. Rgh1 Rd4 34. Rxh4+ Rxh4 35. Rxh4+ Kxh4 36. b4 Kg5 37. b5 Kf6 38. a4 Ke6
39. Kb2 Kd5 40. Kb3 Kc5 41. c4 Kb6 42. Kb4 a5+ 43. bxa6 Kxa6 44. c5 Ka7 45. a5
Kb8 46. Kb5 Kc7 47. a6 Kb8 48. Kb6 Ka8 49. c6 Kb8 50. c7+ 1-0

[Event "DEM U10/U10w 2000"]
[Site "Überlingen GER"]
[Date "2000.06.04"]
[Round "1"]
[White "Friedrich, Jan"]
[Black "Bentz, Matthias"]
[Result "0-1"]
[Termination "normal"]
[Board "2"]
[WhiteElo "821"]
[BlackElo "1623"]
[PlyCount "118"]
[WhiteFideId "24659452"]
[EventCountry "GER"]
[EventRounds "11"]
[EventType "swiss"]
[EventDate "2000.06.03"]

1. e4 e6 2. d4 d5 3. e5 c5 4. Bb5+ Bd7 5. Be2 Nc6 6. Nf3 cxd4 7. Nxd4 Nxe5 8.
Bf4 Ng6 9. Bg3 Qb6 10. O-O Qxb2 11. Nb3 Qf6 12. N1d2 Nh6 13. Na5 b6 14. Nb7 Bc6
15. Nd6+ Bxd6 16. Bxd6 Nf5 17. Bg3 O-O 18. Nf3 Nxg3 19. hxg3 Ne5 20. Nh4 Ng6
21. Bd3 Nxh4 22. gxh4 Qxh4 23. Qf3 Rac8 24. Rfe1 d4 25. Qh3 Qxh3 26. gxh3 Ba4
27. Rac1 Rc5 28. Re4 Rg5+ 29. Kh2 Bc6 30. Ree1 Rg2+ 31. Kh1 Rxf2+ 32. Kg1 Rg2+
33. Kh1 Rxc2+ 34. Kg1 Rg2+ 35. Kh1 Rd2+ 36. Kg1 Rxd3 37. Kf1 Bb5 38. Kf2 Rc3
39. Rxc3 dxc3 40. Rc1 Rc8 41. Ke3 c2 42. Ke4 Ba4 43. Ke3 Rd8 44. Kf4 Rd1 45.
Rxc2 Bxc2 46. h4 Rd3 47. h5 g5+ 48. hxg6 hxg6 49. Ke4 Rd5+ 50. Kf4 e5+ 51. Ke3
e4 52. Ke2 Rd3 53. Kf2 e3+ 54. Ke2 f5 55. Kf1 Rd2 56. Ke1 Bd3 57. a4 Be2 58. a5
Bh5 59. axb6 Rd1# 0-1

[Event "DEM U10/U10w 2000"]
[Site "Überlingen GER"]
[Date "2000.06.04"]
[Round "1"]
[White "Mandery, Markus"]
[Black "Chyzynski, David"]
[Result "1-0"]
[Termination "normal"]
[Board "3"]
[WhiteElo "1454"]
[BlackElo "793"]
[PlyCount "65"]
[WhiteFideId "24607126"]
[BlackFideId "12956155"]
[EventCountry "GER"]
[EventRounds "11"]
[EventType "swiss"]
[EventDate "2000.06.03"]

1. d4 d5 2. c4 c6 3. cxd5 cxd5 4. Nc3 Nf6 5. Nf3 Nc6 6. Bg5 h6 7. Bh4 g5 8. Bg3
Bf5 9. e3 e6 10. Bb5 Bb4 11. Ne5 Qb6 12. Qa4 Bxc3+ 13. bxc3 Rc8 14. c4 a6 15.
Bxc6+ bxc6 16. c5 Qb2 17. O-O O-O 18. Nxc6 Nh5 19. Ne7+ Kh8 20. Nxc8 Nxg3 21.
hxg3 Rxc8 22. Qxa6 e5 23. Qf6+ Kg8 24. Qxf5 Rf8 25. Qxe5 Kh7 26. Qxd5 Rg8 27.
Qxf7+ Rg7 28. Qf5+ Rg6 29. Rfb1 h5 30. Rxb2 h4 31. Rb7+ Kh8 32. Qxg6 hxg3 33.
Qh7# 1-0

[Event "DEM U10/U10w 2000"]
[Site "Überlingen GER"]
[Date "2000.06.04"]
[Round "1"]
[White "Bogner, Sebastian"]
[Black "Schneider, David"]
[Result "1-0"]
[Termination "normal"]
[Board "4"]
[WhiteElo "768"]
[BlackElo "1421"]
[PlyCount "182"]
[WhiteFideId "4692055"]
[BlackFideId "4697111"]
[EventCountry "GER"]
[EventRounds "11"]
[EventType "swiss"]
[EventDate "2000.06.03"]

1. d4 d5 2. Nf3 Nf6 3. Bg5 e6 4. e3 Be7 5. c4 b6 6. Nc3 Bb7 7. Bd3 h6 8. Bh4
Nbd7 9. O-O O-O 10. Rc1 c5 11. Bg3 Rc8 12. Nb5 a6 13. Nd6 Bxd6 14. Bxd6 Re8 15.
Qb3 dxc4 16. Bxc4 Bxf3 17. gxf3 b5 18. Be2 c4 19. Qb4 Nd5 20. Qd2 N7b6 21. Be5
f6 22. Bg3 Na4 23. b3 c3 24. Qc2 Nb4 25. Qg6 Nb2 26. Bf4 Kh8 27. Kh1 Qe7 28.
Rg1 Nd5 29. Bd6 Qd7 30. e4 Rg8 31. Qg3 Ne7 32. Bc5 Nc6 33. Rxc3 g5 34. Qh3 Kh7
35. Rc2 Nxd4 36. Rxb2 Nxe2 37. Rxe2 Rxc5 38. Rge1 Qc6 39. e5 f5 40. Rg1 Rc1 41.
Ree1 Rxe1 42. Rxe1 Re8 43. Rg1 Rg8 44. Qh5 g4 45. Rg3 Qc1+ 46. Rg1 Qc6 47. Rg3
f4 48. Qf7+ Rg7 49. Qxf4 gxf3 50. Rxg7+ Kxg7 51. Qf6+ Kg8 52. Qg6+ Kf8 53.
Qxh6+ Ke7 54. Qg7+ Kd8 55. Qg5+ Kc7 56. h4 Qd5 57. Qe7+ Kc8 58. Qg7 Qe4 59. Qg3
Qb1+ 60. Kh2 Qf5 61. b4 Kd7 62. Qh3 Qxe5+ 63. Qg3 Qf5 64. Qh3 Qf4+ 65. Qg3 Qf5
66. Qg5 Qh7 67. h5 Ke8 68. Qg6+ Qxg6 69. hxg6 Ke7 70. Kg3 Kf6 71. Kxf3 Kxg6 72.
Ke4 Kf6 73. f3 Ke7 74. f4 Kf6 75. a3 Ke7 76. Ke5 Kd7 77. f5 exf5 78. Kxf5 Kd6
79. Ke4 Ke6 80. Kd4 Kd6 81. Ke4 Ke6 82. Kd4 Kd6 83. Kc3 Kd5 84. Kd3 Ke5 85. Ke3
Kd5 86. Kd3 Ke5 87. Kc3 Ke4 88. Kc2 Kd4 89. Kb3 Kd3 90. a4 Kd2 91. axb5 axb5
1-0

[Event "DEM U10/U10w 2000"]
[Site "Überlingen GER"]
[Date "2000.06.04"]
[Round "1"]
[White "Savchenko, Oleksey"]
[Black "Schleißinger, Patrick"]
[Result "1-0"]
[Termination "normal"]
[Board "5"]
[WhiteElo "1329"]
[BlackElo "761"]
[PlyCount "189"]
[WhiteFideId "24611727"]
[EventCountry "GER"]
[EventRounds "11"]
[EventType "swiss"]
[EventDate "2000.06.03"]

1. d4 d5 2. c4 dxc4 3. Nf3 e6 4. e3 Nf6 5. Bxc4 Be7 6. O-O Nc6 7. Nc3 O-O 8. e4
Bb4 9. Re1 Re8 10. a3 Bxc3 11. bxc3 h6 12. Rb1 a6 13. a4 Bd7 14. Rxb7 Na5 15.
Rb4 Nxc4 16. Rxc4 a5 17. Re3 Qc8 18. h3 Qb7 19. Qc2 Bc6 20. Nd2 Nd7 21. f3 Nb6
22. Rc5 Nxa4 23. Rh5 Nb6 24. Nb3 a4 25. Nc5 Qc8 26. c4 Qd8 27. d5 Bd7 28. Bb2
Qe7 29. Qc3 Qf6 30. Qxf6 gxf6 31. Bxf6 Kh7 32. Nxd7 Nxd7 33. Bb2 Reb8 34. dxe6
fxe6 35. Rb5 Rxb5 36. cxb5 Ra5 37. Rc3 Rxb5 38. Rxc7 Rxb2 39. Rxd7+ Kg6 40. Ra7
Rb4 41. Kf2 Kf6 42. Ke3 Ke5 43. Kd3 Kd6 44. Kc3 Kc5 45. Ra5+ Rb5 46. Rxa4 Rb1
47. Ra2 Rc1+ 48. Kd3 Rh1 49. Ke3 Rh2 50. Kf4 Kd6 51. Ra6+ Ke7 52. Kg3 Rh1 53.
Ra5 Kf6 54. Kg4 Rg1 55. Ra2 Kg6 56. g3 Rd1 57. Ra6 Kf6 58. f4 Rd4 59. e5+ Kf7
60. Ra7+ Kg6 61. Ra6 h5+ 62. Kh4 Kf5 63. Kxh5 Rd3 64. Ra7 Rxg3 65. Rf7+ Ke4 66.
h4 Rf3 67. Kg6 Rg3+ 68. Kh6 Rg4 69. h5 Rg3 70. Kh7 Rg4 71. h6 Rg3 72. Kh8 Rg6
73. h7 Rg4 74. Rg7 Rh4 75. Kg8 Kxf4 76. h8=Q Rxh8+ 77. Kxh8 Kxe5 78. Kh7 Kd5
79. Kg6 e5 80. Kf5 Kd4 81. Re7 e4 82. Rxe4+ Kd5 83. Re1 Kd4 84. Kf4 Kd3 85. Kf3
Kd2 86. Re8 Kd1 87. Kf2 Kd2 88. Re3 Kc2 89. Ke2 Kc1 90. Rc3+ Kb1 91. Kd2 Kb2
92. Rh3 Kb1 93. Kc3 Ka2 94. Kc2 Ka1 95. Ra3# 1-0

[Event "DEM U10/U10w 2000"]
[Site "Überlingen GER"]
[Date "2000.06.04"]
[Round "1"]
[White "Jussupow, Ekaterina"]
[Black "Geilfuss, Albert"]
[Result "1-0"]
[Termination "normal"]
[Board "6"]
[WhiteElo "746"]
[BlackElo "1297"]
[PlyCount "43"]
[WhiteFideId "24625400"]
[EventCountry "GER"]
[EventRounds "11"]
[EventType "swiss"]
[EventDate "2000.06.03"]

1. e4 c5 2. Nf3 Nc6 3. d4 cxd4 4. Nxd4 g6 5. Nxc6 dxc6 6. Qxd8+ Kxd8 7. Bc4 Ke8
8. Nc3 Bg7 9. Bf4 e5 10. Bg5 f6 11. Be3 Ne7 12. O-O-O b5 13. Bb3 f5 14. Rd6 Bf8
15. Rhd1 Nd5 16. Rxc6 Nxe3 17. fxe3 Bh6 18. Nd5 Rb8 19. Rc7 Rf8 20. Re7+ Kd8
21. Rxh7 Bg5 22. Nf6+ 1-0

[Event "DEM U10/U10w 2000"]
[Site "Überlingen GER"]
[Date "2000.06.04"]
[Round "1"]
[White "Baldauf, Marco"]
[Black "Stöhr, Constantin"]
[Result "1-0"]
[Termination "normal"]
[Board "7"]
[WhiteElo "1278"]
[BlackElo "742"]
[PlyCount "121"]
[WhiteFideId "4688210"]
[EventCountry "GER"]
[EventRounds "11"]
[EventType "swiss"]
[EventDate "2000.06.03"]

1. e4 c5 2. Nf3 Nc6 3. d3 g6 4. g3 Bg7 5. Bg2 d6 6. O-O Nf6 7. Nbd2 O-O 8. Re1
Bg4 9. h3 Bd7 10. Nf1 Qc8 11. h4 Bh3 12. Ne3 Bxg2 13. Kxg2 e6 14. c3 Rd8 15.
Rh1 Rd7 16. Nf1 Qf8 17. Bf4 h5 18. N3h2 Bh6 19. Bg5 Bxg5 20. hxg5 Nh7 21. g4 f6
22. gxh5 Nxg5 23. f4 Nf7 24. hxg6 Nh8 25. f5 e5 26. Qh5 Qg7 27. Ng4 Rad8 28. c4
Ne7 29. Nfe3 b6 30. Kf2 a6 31. Ke2 b5 32. Rh2 Nexg6 33. fxg6 Nxg6 34. Nd5 Kf7
35. Rf1 Rh8 36. Rxf6+ Kg8 37. Qxg6 Rxh2+ 38. Nxh2 bxc4 39. dxc4 Rb7 40. b3 Qxg6
41. Rxg6+ Kf7 42. Rxd6 a5 43. Nf3 a4 44. Nxe5+ Kg7 45. Rd7+ Rxd7 46. Nxd7 axb3
47. axb3 Kf7 48. Ke3 Ke6 49. Nxc5+ Kd6 50. Kf4 Kxc5 51. e5 Kc6 52. e6 Kd6 53.
e7 Kd7 54. c5 Ke6 55. e8=Q+ Kxd5 56. Qe5+ Kc6 57. Qd6+ Kb7 58. Qb6+ Ka8 59. Qb4
Ka7 60. c6 Ka8 61. Qb7# 1-0

[Event "DEM U10/U10w 2000"]
[Site "Überlingen GER"]
[Date "2000.06.04"]
[Round "1"]
[White "Winkelmann, Elena"]
[Black "Müller, Reinhold"]
[Result "0-1"]
[Termination "normal"]
[Board "8"]
[WhiteElo "741"]
[BlackElo "1248"]
[PlyCount "140"]
[WhiteFideId "24607630"]
[BlackFideId "24605875"]
[EventCountry "GER"]
[EventRounds "11"]
[EventType "swiss"]
[EventDate "2000.06.03"]

1. d4 f5 2. e4 d6 3. Nc3 Nf6 4. f3 g6 5. Bg5 Bg7 6. Bc4 fxe4 7. fxe4 Nc6 8. h3
Na5 9. Be2 O-O 10. Nf3 Nc6 11. O-O h6 12. Bf4 g5 13. Bg3 Kh8 14. d5 Nb8 15. e5
dxe5 16. Nxe5 Kh7 17. Bd3+ Kg8 18. Bc4 Qd6 19. Qd3 Nh5 20. Rxf8+ Bxf8 21. Qf3
Nf6 22. Ng6 Qc5+ 23. Qf2 Qxc4 24. Ne5 Qb4 25. Nd3 Qb6 26. Qxb6 cxb6 27. Nb5 Na6
28. Ne5 Bd7 29. Nxd7 Nxd7 30. Re1 Rc8 31. c3 Rc5 32. Nxa7 Rxd5 33. Nc8 e5 34.
Bf2 Nac5 35. Bg3 Na4 36. Rb1 Rb5 37. Rd1 Nf6 38. Na7 Ra5 39. Nc8 Bc5+ 40. Kh2
Ra8 41. Nd6 Bxd6 42. Rxd6 Ne4 43. Rd3 Nxb2 44. Re3 Nxg3 45. Kxg3 Nc4 46. Re2
Kf7 47. Kf3 Ra3 48. Ke4 Rxc3 49. Kd5 b5 50. Kc5 Rd3 51. Kxb5 Rd2 52. Rxd2 Nxd2
53. Kc5 Ke6 54. Kb4 e4 55. Kc3 Nf1 56. Kc2 Kd5 57. Kd1 Ne3+ 58. Ke2 Kd4 59. g3
Nf5 60. g4 Ng3+ 61. Kd2 e3+ 62. Ke1 Ne4 63. a4 Nc3 64. a5 Nd5 65. a6 bxa6 66.
Ke2 Nf4+ 67. Kd1 e2+ 68. Ke1 Kd3 69. Kf2 Kd2 70. Kf3 e1=Q 0-1

[Event "DEM U10/U10w 2000"]
[Site "Überlingen GER"]
[Date "2000.06.04"]
[Round "1"]
[White "Forchmann, Georg"]
[Black "Gremmer, Julia"]
[Result "1-0"]
[Termination "normal"]
[Board "9"]
[WhiteElo "1214"]
[BlackElo "730"]
[PlyCount "53"]
[EventCountry "GER"]
[EventRounds "11"]
[EventType "swiss"]
[EventDate "2000.06.03"]

1. e4 e5 2. Nf3 Nc6 3. Bb5 Nf6 4. O-O Nxe4 5. d4 d5 6. Nxe5 Bd7 7. Nf3 Bd6 8.
Re1 Qe7 9. Bxc6 Bxc6 10. Nfd2 O-O-O 11. f3 Qh4 12. Nf1 Nf6 13. b3 g5 14. c4 h5
15. Re2 g4 16. Nbd2 Rhg8 17. Qc2 dxc4 18. bxc4 gxf3 19. Qf5+ Rd7 20. Nxf3 Be4
21. Nxh4 Bxf5 22. Nxf5 a6 23. c5 Bf8 24. N1g3 Rh8 25. Bg5 Nd5 26. Re8+ Rd8 27.
Rxd8# 1-0

[Event "DEM U10/U10w 2000"]
[Site "Überlingen GER"]
[Date "2000.06.04"]
[Round "1"]
[White "Fuchs, Judith"]
[Black "Kleine, Jannik"]
[Result "0-1"]
[Termination "normal"]
[Board "10"]
[WhiteElo "727"]
[BlackElo "1205"]
[PlyCount "52"]
[WhiteFideId "24605611"]
[EventCountry "GER"]
[EventRounds "11"]
[EventType "swiss"]
[EventDate "2000.06.03"]

1. e4 e5 2. Nf3 Nc6 3. d4 exd4 4. Nxd4 Nf6 5. Nc3 Bc5 6. Nb3 Bb6 7. a4 a6 8.
Bc4 Ne5 9. Be2 O-O 10. Bg5 d6 11. Nd5 Kh8 12. Bxf6 gxf6 13. Qd2 f5 14. Qh6 fxe4
15. Nf6 Bf5 16. Bh5 e3 17. f4 Nd7 18. Nxd7 Qxd7 19. Qf6+ Kg8 20. Qg5+ Bg6 21.
Bg4 Qc6 22. Be2 Qxc2 23. O-O Qxe2 24. Kh1 f5 25. Qg3 Qc4 26. h4 Kh8 0-1

[Event "DEM U10/U10w 2000"]
[Site "Überlingen GER"]
[Date "2000.06.04"]
[Round "1"]
[White "Schlötzer, Waldemar"]
[Black "Prosch, Florian"]
[Result "1-0"]
[Termination "normal"]
[Board "11"]
[WhiteElo "1199"]
[BlackElo "717"]
[PlyCount "33"]
[WhiteFideId "24602140"]
[EventCountry "GER"]
[EventRounds "11"]
[EventType "swiss"]
[EventDate "2000.06.03"]

1. d4 Nf6 2. c4 e5 3. e3 exd4 4. exd4 Bb4+ 5. Nc3 Qe7+ 6. Be2 Bxc3+ 7. bxc3 O-O
8. Nf3 Ne4 9. Qc2 Nc6 10. O-O d6 11. Bg5 Bg4 12. Rfe1 Nf6 13. Bd3 Qd8 14. Bxh7+
Kh8 15. Be4 Qe8 16. Bxf6 gxf6 17. Qd2 1-0

[Event "DEM U10/U10w 2000"]
[Site "Überlingen GER"]
[Date "2000.06.04"]
[Round "1"]
[White "Jakobi, Sabina"]
[Black "Wortmann, Jonas"]
[Result "0-1"]
[Termination "normal"]
[Board "12"]
[WhiteElo "713"]
[BlackElo "1184"]
[PlyCount "68"]
[BlackFideId "24628069"]
[EventCountry "GER"]
[EventRounds "11"]
[EventType "swiss"]
[EventDate "2000.06.03"]

1. e4 c5 2. Nf3 Nc6 3. Bc4 e6 4. d3 a6 5. Ng5 b5 6. Bb3 Nd4 7. c3 Nxb3 8. Qxb3
Bb7 9. c4 Bc6 10. Nc3 b4 11. Na4 h6 12. Nf3 Qa5 13. Qc2 Qxa4 14. b3 Qa5 15. d4
Bb7 16. dxc5 Bxc5 17. O-O Ne7 18. Qd2 Qc7 19. Rd1 Rd8 20. Bb2 O-O 21. Nd4 Bxd4
22. Qxd4 f6 23. Re1 Nc6 24. Qc5 a5 25. e5 d6 26. exd6 Qxd6 27. Qb6 Qd7 28. Rad1
Qxd1 29. Qe3 Qd6 30. h3 e5 31. Rf1 Nd4 32. Bxd4 Qxd4 33. Qe2 Qe4 34. Qh5 Qxg2#
0-1

[Event "DEM U10/U10w 2000"]
[Site "Überlingen GER"]
[Date "2000.06.04"]
[Round "1"]
[White "Katte, Nicolas"]
[Black "Fink, Leander"]
[Result "1/2-1/2"]
[Termination "normal"]
[Board "13"]
[WhiteElo "1148"]
[BlackElo "712"]
[PlyCount "48"]
[WhiteFideId "24614149"]
[BlackFideId "24605247"]
[EventCountry "GER"]
[EventRounds "11"]
[EventType "swiss"]
[EventDate "2000.06.03"]

1. e4 c5 2. c3 Nc6 3. d4 e5 4. d5 Nce7 5. c4 d6 6. Bd3 g6 7. Bc2 Bg7 8. Nf3 f5
9. Nfd2 Nf6 10. O-O O-O 11. b3 f4 12. Bb2 b6 13. Nc3 Bg4 14. f3 Bd7 15. Qe2 g5
16. Rad1 g4 17. Nb5 g3 18. h3 Qe8 19. Rfe1 Qg6 20. Nf1 h6 21. a3 Nh5 22. b4
Rab8 23. Rb1 Qe8 24. a4 a5 1/2-1/2

[Event "DEM U10/U10w 2000"]
[Site "Überlingen GER"]
[Date "2000.06.04"]
[Round "1"]
[White "Weber, Kristina"]
[Black "Rafiee, Makan"]
[Result "0-1"]
[Termination "normal"]
[Board "14"]
[WhiteElo "704"]
[BlackElo "1148"]
[PlyCount "74"]
[BlackFideId "24609340"]
[EventCountry "GER"]
[EventRounds "11"]
[EventType "swiss"]
[EventDate "2000.06.03"]

1. e4 c5 2. Nf3 d6 3. Bc4 Nf6 4. Nc3 Nc6 5. O-O Bg4 6. Be2 g6 7. d3 Bg7 8. Bg5
O-O 9. h3 Bxf3 10. Bxf3 Nd4 11. e5 dxe5 12. Bxb7 Rb8 13. Bf3 Rxb2 14. Qc1 Rxc2
15. Qe3 Rxc3 16. Bh6 Nxf3+ 17. gxf3 Bxh6 18. Qxh6 Rxd3 19. f4 exf4 20. Qxf4
Rxh3 21. Rad1 Qa8 22. f3 Nh5 23. Qe3 Qb8 24. Rf2 Qg3+ 25. Rg2 Qxf3 26. Qxf3
Rxf3 27. Rd7 Rb8 28. Kh2 Rb1 29. Rd8+ Kg7 30. Rdd2 Rff1 31. Rg4 Rh1+ 32. Kg2
Rhg1+ 33. Kf3 Rxg4 34. Kxg4 Nf6+ 35. Kg5 h5 36. Rc2 Rh1 37. Rxc5 Ne4+ 0-1

[Event "DEM U10/U10w 2000"]
[Site "Überlingen GER"]
[Date "2000.06.04"]
[Round "1"]
[White "Müller, Jan Hendrik"]
[Black "Fischer, Patrick"]
[Result "1-0"]
[Termination "normal"]
[Board "15"]
[WhiteElo "1144"]
[BlackElo "649"]
[PlyCount "67"]
[WhiteFideId "24615048"]
[EventCountry "GER"]
[EventRounds "11"]
[EventType "swiss"]
[EventDate "2000.06.03"]

1. e4 e6 2. d4 d5 3. e5 c5 4. c3 Nc6 5. Nf3 Qb6 6. Be2 Nh6 7. Bd3 Bd7 8. Bd2
Nf5 9. Bxf5 exf5 10. b3 O-O-O 11. Be3 cxd4 12. cxd4 Bb4+ 13. Nbd2 Bc3 14. Rc1
Bb4 15. O-O Kb8 16. Bf4 Ka8 17. Nb1 Qa5 18. a4 Rdg8 19. Bd2 Qb6 20. Bxb4 Qxb4
21. Qd3 g5 22. Rcd1 h5 23. Qc3 Qxc3 24. Nxc3 h4 25. Nxd5 Be6 26. Nf6 Bxb3 27.
Rb1 Bc4 28. Rfc1 Bd3 29. Rb3 Rg7 30. Rxd3 h3 31. g3 g4 32. Nh4 f4 33. Rdc3 Nxd4
34. Rc8+ 1-0

[Event "DEM U10/U10w 2000"]
[Site "Überlingen GER"]
[Date "2000.06.04"]
[Round "1"]
[White "Miclea, Sebastian"]
[Black "Dinger, Florian"]
[Result "0-1"]
[Termination "normal"]
[Board "16"]
[WhiteElo "638"]
[BlackElo "1135"]
[PlyCount "114"]
[BlackFideId "24605573"]
[EventCountry "GER"]
[EventRounds "11"]
[EventType "swiss"]
[EventDate "2000.06.03"]

1. d4 Nf6 2. c4 g6 3. Nc3 Bg7 4. e4 d6 5. Nf3 Nbd7 6. Bg5 O-O 7. Be2 b6 8. O-O
Bb7 9. Re1 Nxe4 10. Nxe4 Bxe4 11. Bd3 Bxf3 12. Qxf3 Bf6 13. Bxf6 Nxf6 14. Qf4
Kg7 15. Re3 e6 16. Rd1 b5 17. b3 bxc4 18. bxc4 Rb8 19. h3 Re8 20. Rb1 Rxb1+ 21.
Bxb1 Qe7 22. Be4 Nxe4 23. Qxe4 Rb8 24. Rb3 Rb6 25. c5 dxc5 26. Qe5+ f6 27. Qxc5
Qxc5 28. dxc5 Rxb3 29. axb3 a5 30. Kf1 Kf7 31. Ke2 Ke7 32. Kd3 Kd7 33. Kc4 Kc6
34. g3 h5 35. f3 g5 36. h4 gxh4 37. gxh4 e5 38. b4 axb4 39. Kxb4 Kd5 40. Kb5
c6+ 41. Kb4 f5 42. Kc3 Kxc5 43. Kd3 Kd5 44. Kc3 e4 45. fxe4+ fxe4 46. Kd2 Kd4
47. Ke2 e3 48. Ke1 Kd3 49. Kd1 e2+ 50. Ke1 c5 51. Kf2 c4 52. Kg3 e1=Q+ 53. Kh3
c3 54. Kg2 c2 55. Kf3 c1=Q 56. Kg2 Qcd2+ 57. Kf3 Qee3# 0-1

[Event "DEM U10/U10w 2000"]
[Site "Überlingen GER"]
[Date "2000.06.04"]
[Round "1"]
[White "Zikeli, Saskia"]
[Black "Benzen, Marthe"]
[Result "1-0"]
[Termination "normal"]
[Board "17"]
[WhiteElo "1135"]
[BlackElo "624"]
[PlyCount "61"]
[WhiteFideId "24601543"]
[BlackFideId "24647764"]
[EventCountry "GER"]
[EventRounds "11"]
[EventType "swiss"]
[EventDate "2000.06.03"]

1. e4 e5 2. Nf3 Nc6 3. Bb5 Nf6 4. O-O Nxe4 5. d4 exd4 6. Re1 d5 7. Nxd4 Bd7 8.
Nxc6 Bxc6 9. Bxc6+ bxc6 10. f3 Bc5+ 11. Kh1 Bf2 12. Re2 Bc5 13. fxe4 O-O 14.
exd5 cxd5 15. Nc3 c6 16. Bf4 Qa5 17. Qd3 d4 18. Ne4 h6 19. Nxc5 Qxc5 20. Qg3 g5
21. Bd6 Qf5 22. Bxf8 Rxf8 23. Rf2 Qe4 24. Qf3 Qe7 25. Re2 Qd7 26. Rae1 g4 27.
Qf4 c5 28. Qxh6 c4 29. Re7 Qb5 30. R7e5 Qxb2 31. Rg5# 1-0

[Event "DEM U10/U10w 2000"]
[Site "Überlingen GER"]
[Date "2000.06.04"]
[Round "1"]
[White "Armbrüster, Clemens"]
[Black "Ohme, Melanie"]
[Result "0-1"]
[Termination "normal"]
[Board "18"]
[WhiteElo "584"]
[BlackElo "1121"]
[PlyCount "128"]
[WhiteFideId "12969699"]
[BlackFideId "4690745"]
[EventCountry "GER"]
[EventRounds "11"]
[EventType "swiss"]
[EventDate "2000.06.03"]

1. e4 c5 2. Nf3 d6 3. d4 cxd4 4. Nxd4 Nf6 5. Nc3 g6 6. f3 Bg7 7. Be3 Qb6 8. b3
O-O 9. Qd2 Qd8 10. O-O-O Nc6 11. Kb1 Bd7 12. Bc4 a6 13. Be2 Rc8 14. g4 e6 15.
h4 Qc7 16. Kb2 e5 17. Nxc6 Qxc6 18. h5 b5 19. hxg6 fxg6 20. Nd5 Nxd5 21. exd5
e4+ 22. Kb1 Qc3 23. Qxc3 Rxc3 24. Bd2 Rcc8 25. fxe4 Rf2 26. Rde1 Re8 27. Be3
Rg2 28. Bf3 Rg3 29. Ref1 Rf8 30. Bh6 Rgxf3 31. Rfg1 Bxh6 32. Rxh6 Rf1+ 33. Rxf1
Rxf1+ 34. Kb2 Bxg4 35. Kc3 Bf3 36. Kd4 Rh1 37. Rxh1 Bxh1 38. e5 dxe5+ 39. Kxe5
Kf7 40. c4 bxc4 41. bxc4 Bxd5 42. cxd5 Ke7 43. d6+ Kd7 44. Kd5 h5 45. Ke4 Kxd6
46. Kf4 Kc5 47. Ke3 Kc4 48. Kd2 Kb4 49. Ke3 Ka3 50. Kf3 Kxa2 51. Kg3 a5 52. Kf3
a4 53. Ke3 a3 54. Kd3 Kb2 55. Ke4 a2 56. Kf4 a1=Q 57. Kg5 Qf1 58. Kh4 Qf3 59.
Kg5 Kc3 60. Kh6 Kd4 61. Kxg6 Ke5 62. Kh6 Qg4 63. Kh7 Kf6 64. Kh8 Qg7# 0-1

[Event "DEM U10/U10w 2000"]
[Site "Überlingen GER"]
[Date "2000.06.04"]
[Round "1"]
[White "Stock, Lara"]
[Black "Billing, Tanja"]
[Result "0-1"]
[Termination "normal"]
[Board "19"]
[WhiteElo "1114"]
[BlackElo "529"]
[PlyCount "106"]
[BlackFideId "24647993"]
[EventCountry "GER"]
[EventRounds "11"]
[EventType "swiss"]
[EventDate "2000.06.03"]

1. e4 e5 2. Nf3 Nc6 3. d4 d6 4. d5 Nce7 5. Nc3 Nf6 6. Bg5 Ng6 7. Bc4 h6 8. Bh4
Nxh4 9. Nxh4 Nxe4 10. Nxe4 Qxh4 11. Bd3 Bf5 12. Nxd6+ Bxd6 13. Bxf5 Bc5 14. Qe2
Qb4+ 15. c3 Qf4 16. Qf3 Qxf3 17. gxf3 O-O 18. Ke2 g6 19. Rhg1 Kg7 20. Rg2 Kf6
21. Be4 Rad8 22. Rd1 Ke7 23. Kd3 f5 24. Kc4 fxe4 25. Kxc5 exf3 26. Rxg6 b6+ 27.
Kb5 Rc8 28. d6+ Kf7 29. Rxh6 c6+ 30. Kc4 Rfd8 31. d7 b5+ 32. Kc5 Rc7 33. Kd6
Rcxd7+ 34. Kxe5 Rxd1 35. Rf6+ Ke7 36. Rxf3 Re1+ 37. Re3 Rxe3+ 38. fxe3 Rd5+ 39.
Kf4 Ke6 40. e4 Rd2 41. h4 Rf2+ 42. Kg5 Re2 43. h5 Kf7 44. h6 Kg8 45. Kg6 Kh8
46. h7 Rh2 47. e5 Rxh7 48. e6 Kg8 49. Kf6 Kf8 50. b3 Rh6+ 51. Ke5 Ke7 52. Kd4
Rxe6 53. Kc5 Kd7 0-1

[Event "DEM U10/U10w 2000"]
[Site "Überlingen GER"]
[Date "2000.06.04"]
[Round "1"]
[White "Ahlers, Hendrik"]
[Black "Lutz, Bernhard"]
[Result "0-1"]
[Termination "normal"]
[Board "20"]
[WhiteElo "504"]
[BlackElo "1113"]
[PlyCount "72"]
[BlackFideId "24628638"]
[EventCountry "GER"]
[EventRounds "11"]
[EventType "swiss"]
[EventDate "2000.06.03"]

1. d4 e6 2. Bf4 f5 3. Nc3 Nf6 4. f3 Bb4 5. Qd2 b6 6. e3 Bb7 7. Nge2 Nc6 8. a3
Bxc3 9. Nxc3 a6 10. O-O-O b5 11. Be2 b4 12. axb4 Nxb4 13. g4 Rb8 14. h4 fxg4
15. fxg4 Bxh1 16. Rxh1 Nfd5 17. Nxd5 Nxd5 18. h5 Nxf4 19. exf4 Qc8 20. d5 Qb7
21. b3 Qxd5 22. Qxd5 exd5 23. g5 O-O 24. Rf1 Rbe8 25. Bg4 d6 26. Bh3 Re4 27. f5
Rfe8 28. f6 gxf6 29. Rxf6 Re1+ 30. Kb2 Rg1 31. g6 hxg6 32. hxg6 d4 33. Rf4 c5
34. Rf6 Ree1 35. c3 Re2+ 36. Ka3 Ra1# 0-1

[Event "DEM U10/U10w 2000"]
[Site "Überlingen GER"]
[Date "2000.06.04"]
[Round "1"]
[White "Lubbe, Nikolas"]
[Black "Collmann, Martin"]
[Result "1-0"]
[Termination "normal"]
[Board "21"]
[WhiteElo "1110"]
[BlackElo "496"]
[PlyCount "73"]
[WhiteFideId "4694031"]
[EventCountry "GER"]
[EventRounds "11"]
[EventType "swiss"]
[EventDate "2000.06.03"]

1. e4 c5 2. Nf3 Nc6 3. d4 b6 4. Be3 cxd4 5. Nxd4 Bb7 6. Nc3 Nf6 7. f3 g6 8. Qd2
Bg7 9. O-O-O O-O 10. g4 d6 11. h4 Qd7 12. h5 Ne5 13. Bh6 Rac8 14. Bxg7 Kxg7 15.
hxg6 fxg6 16. Bb5 Qc7 17. Ne6+ Kg8 18. Nxc7 Rxc7 19. Be2 Rd7 20. Qh6 a5 21. f4
Nf7 22. Qh3 g5 23. fxg5 Nxg5 24. Qh6 Nf7 25. Qh2 Ng5 26. e5 Bxh1 27. exf6 exf6
28. Rxh1 Re8 29. Bb5 Re1+ 30. Rxe1 Nf3 31. Qe2 Nxe1 32. Bxd7 Nxc2 33. Qxc2 Kf7
34. Qxh7+ Kf8 35. Be6 Ke8 36. Qf7+ Kd8 37. Qd7# 1-0

[Event "DEM U10/U10w 2000"]
[Site "Überlingen GER"]
[Date "2000.06.04"]
[Round "1"]
[White "Mucha, Annegret"]
[Black "Rudolf, Sebastian"]
[Result "0-1"]
[Termination "normal"]
[Board "24"]
[WhiteElo "485"]
[BlackElo "1063"]
[PlyCount "24"]
[WhiteFideId "24622788"]
[BlackFideId "24609390"]
[EventCountry "GER"]
[EventRounds "11"]
[EventType "swiss"]
[EventDate "2000.06.03"]

1. e4 c5 2. Nf3 d6 3. d4 cxd4 4. Nxd4 Nf6 5. Nc3 g6 6. Be3 Bg7 7. Bc4 O-O 8.
O-O Ng4 9. Bg5 Qb6 10. Ncb5 a6 11. Nxd6 Qxd6 12. c3 Qxh2# 0-1